| 000 | 00354nam a2200133Ia 4500 | ||
|---|---|---|---|
| 008 | 240624s9999 xx 000 0 und d | ||
| 041 | _aeng | ||
| 082 | _a332.6322 HAL | ||
| 100 | _aLABORDERE PIERRE HENRY | ||
| 245 | _aMODEL FREE HEDGING A MARTINGALE OPTIMAL | ||
| 260 |
_c2017 _aLondon _bCRC Press |
||
| 300 | _axiii, 190 p,: 23 cm. | ||
| 365 |
_cBPS _b35 |
||
| 999 |
_c31504 _d31504 |
||